Santa Paws on Christmas Island / (Record no. 1056)

MARC details
000 -LEADER
fixed length control field 01148cam a22003377a 4500
005 - DATE AND TIME OF LATEST TRANSACTION
control field 20230815141940.0
020 ## - INTERNATIONAL STANDARD BOOK NUMBER
International Standard Book Number 9780439888127
020 ## - INTERNATIONAL STANDARD BOOK NUMBER
International Standard Book Number 0439888123
040 ## - CATALOGING SOURCE
Original cataloging agency SRB
Transcribing agency SRB
Modifying agency DLC
Language of cataloging eng
050 00 - LIBRARY OF CONGRESS CALL NUMBER
Classification number PZ7.E2564
Item number San 2006
082 00 - DEWEY DECIMAL CLASSIFICATION NUMBER
Classification number [Fic]
Edition number 22
100 1# - MAIN ENTRY--PERSONAL NAME
Personal name Edwards, Kris
245 10 - TITLE STATEMENT
Title Santa Paws on Christmas Island /
Statement of responsibility, etc. by Kris Edwards ; [cover illustration by Robert Hunt].
260 ## - PUBLICATION, DISTRIBUTION, ETC.
Place of publication, distribution, etc. New York :
Name of publisher, distributor, etc. Scholastic,
Date of publication, distribution, etc. 2006.
300 ## - PHYSICAL DESCRIPTION
Extent 132 pages :
Dimensions 20 cm
500 ## - GENERAL NOTE
General note "An Apple paperback"--T.p.
505 ## - FORMATTED CONTENTS NOTE
Formatted contents note R <br/>
520 ## - SUMMARY, ETC.
Summary, etc. Santa Paws and the Callahan family are spending Christmas on a sunny Florida island. While the family tries to enjoy their vacation, Santa Paws is hard at work saving the day.
521 ## - TARGET AUDIENCE NOTE
Target audience note 700 <br/>
Source Lexile <br/>
521 ## - TARGET AUDIENCE NOTE
Target audience note R <br/>
Source Raz-Plus <br/>
650 #0 - SUBJECT ADDED ENTRY--TOPICAL TERM
Topical term or geographic name entry element Rescue dogs
Form subdivision Juvenile fiction.
650 #0 - SUBJECT ADDED ENTRY--TOPICAL TERM
Topical term or geographic name entry element Animal stories.
650 #0 - SUBJECT ADDED ENTRY--TOPICAL TERM
Topical term or geographic name entry element Christmas stories.
650 #1 - SUBJECT ADDED ENTRY--TOPICAL TERM
Topical term or geographic name entry element Dogs
Form subdivision Fiction.
650 #1 - SUBJECT ADDED ENTRY--TOPICAL TERM
Topical term or geographic name entry element Christmas
Form subdivision Fiction.
700 1# - ADDED ENTRY--PERSONAL NAME
Personal name Hunt, Robert
Dates associated with a name 1952-
906 ## - LOCAL DATA ELEMENT F, LDF (RLIN)
a 7
b cbc
c copycat
d 2
e ncip
f 20
g y-gencatlg
942 ## - ADDED ENTRY ELEMENTS (KOHA)
Source of classification or shelving scheme Dewey Decimal Classification
Koha item type Books
Suppress in OPAC No
999 ## -
-- 1056
-- 1056
Holdings
Withdrawn status Lost status Source of classification or shelving scheme Damaged status Not for loan Collection Home library Current library Shelving location Date acquired Total Checkouts Full call number Barcode Date last seen Date last checked out Price effective from Koha item type
    Dewey Decimal Classification     Fiction Footprints International School Library Network Toul Kork Campus Footprints International School Library Network Toul Tom Poung Campus   07/19/2023 1 EDW Fic PZ7.E2564 FISBK05217 06/17/2025 01/15/2024 07/19/2023 Books